00353nam a2200121Ia 4500008004100000041000800041082001200049100002200061245004500083260006200128300003000190365001100220240624s9999 xx 000 0 und d aeng a378 DHA aDHARASKAR RAJIV V a113 DIFFICULTIES IN DEVELOPING WORLD CLA c2014aNew DelhibShroff Publishers & Distributors Pvt Ltd axx, : 319 : p. : cm. ; 22 cRSb30